О методах определения размера вероятностного вреда, вызываемого авариями ГТС; Неразрушающий контроль; Т. 3

Xehetasun bibliografikoak
Parent link:Неразрушающий контроль: сборник трудов VI Всероссийской научно-практической конференции "Неразрушающий контроль: электронное приборостроение, технологии, безопасность", Томск, 23-27 мая 2016 г./ Национальный исследовательский Томский политехнический университет (ТПУ).— , 2016
Т. 3.— [С. 224-227]
Egile nagusia: Михалева С. К.
Erakunde egilea: Национальный исследовательский Томский политехнический университет (ТПУ) Институт неразрушающего контроля (ИНК) Кафедра экологии и безопасности жизнедеятельности (ЭБЖ)
Beste egile batzuk: Алексеев Н. А. Николай Архипович (научный руководитель)
Gaia:Заглавие с экрана
Hizkuntza:errusiera
Argitaratua:
Saila:Экология и техносферная безопасность
Gaiak:
Sarrera elektronikoa:http://earchive.tpu.ru/handle/11683/32801
Formatua: MixedMaterials Baliabide elektronikoa Liburu kapitulua
KOHA link:https://koha.lib.tpu.ru/cgi-bin/koha/opac-detail.pl?biblionumber=620724

MARC

LEADER 00000naa2a2200000 4500
001 620724
005 20231102023853.0
035 |a (RuTPU)RU\TPU\conf\19246 
035 |a RU\TPU\conf\19244 
090 |a 620724 
100 |a 20161013d2016 k y0rusy50 ca 
101 0 |a rus 
102 |a RU 
105 |a y z 100zy 
135 |a drgn ---uucaa 
181 0 |a i  
182 0 |a b 
200 1 |a О методах определения размера вероятностного вреда, вызываемого авариями ГТС  |f С. К. Михалева  |g науч. рук. Н. А. Алексеев 
203 |a Текст  |c электронный 
225 1 |a Экология и техносферная безопасность 
230 |a 1 компьютерный файл (pdf; 413 Kb) 
300 |a Заглавие с экрана 
461 1 |0 (RuTPU)RU\TPU\conf\19000  |t Неразрушающий контроль  |o сборник трудов VI Всероссийской научно-практической конференции "Неразрушающий контроль: электронное приборостроение, технологии, безопасность", Томск, 23-27 мая 2016 г.  |o в 3 т.  |f Национальный исследовательский Томский политехнический университет (ТПУ)  |d 2016 
463 1 |0 (RuTPU)RU\TPU\conf\19003  |t Т. 3  |v [С. 224-227] 
610 1 |a труды учёных ТПУ 
610 1 |a электронный ресурс 
610 1 |a аварии 
610 1 |a ГТС 
610 1 |a гидротехнические сооружения 
610 1 |a вред 
610 1 |a ущербы 
610 1 |a аварии 
700 1 |a Михалева  |b С. К. 
702 1 |a Алексеев  |b Н. А.  |c специалист в области экологии и безопасности жизнедеятельности  |c доцент Томского политехнического университета  |f 1956-  |g Николай Архипович  |2 stltpush  |4 727  |9 15830 
712 0 2 |a Национальный исследовательский Томский политехнический университет (ТПУ)  |b Институт неразрушающего контроля (ИНК)  |b Кафедра экологии и безопасности жизнедеятельности (ЭБЖ)  |h 4850  |2 stltpush  |3 (RuTPU)RU\TPU\col\18720 
801 2 |a RU  |b 63413507  |c 20161020  |g RCR 
856 4 |u http://earchive.tpu.ru/handle/11683/32801 
942 |c BK